000
00247nam a2200121Ia 4500
100
_a
#N/A
942
_c
BK
245
_a
Cambridge University Press - Speaking Effectively
260
_b
#N/A
082
_b
21637
546
_a
ENGLISH
999
_c
20905
_d
20905